Stapleton's real estate management practice (Record no. 104792)

MARC details
000 -LEADER
fixed length control field 01461cad a2200301 4500
001 - CONTROL NUMBER
control field ##L131605
008 - FIXED-LENGTH DATA ELEMENTS--GENERAL INFORMATION
fixed length control field 051118n2005 000 0 eng u
020 ## - INTERNATIONAL STANDARD BOOK NUMBER
International Standard Book Number 0728204827
035 ## - SYSTEM CONTROL NUMBER
System control number (Sirsi) u131605
041 0# - LANGUAGE CODE
Language code of text/sound track or separate title eng
050 ## - LIBRARY OF CONGRESS CALL NUMBER
Classification number 333.33 $2 18
100 10 - MAIN ENTRY--PERSONAL NAME
Personal name Banfield, Anthony
245 00 - TITLE STATEMENT
Title Stapleton's real estate management practice
Medium [electronic resource]
260 ## - PUBLICATION, DISTRIBUTION, ETC.
Place of publication, distribution, etc. [S.l.]EG Books
Date of publication, distribution, etc. 2005
300 ## - PHYSICAL DESCRIPTION
Extent xxii, 368p.
Dimensions 21cm.
350 ## - PRICE (NR) (BK AM CF MU VM SE) [OBSOLETE]
Price 39
520 ## - SUMMARY, ETC.
Summary, etc. Intended for advanced student and practitioners this text provides a comprehensive study of the management of urban property. Part one considers the diverse nature of the types of estates and different aspects and interpretations of the management task. Part two concentrates on the management of leased property, repairs, services charges and rent reviews and the statutory framework within which the landlord and tenant relationship has developed. Part three deals with positive management covering both technical skills and the professional practice environment in which they are exercised.
520 ## - SUMMARY, ETC.
Summary, etc. Formerly Estate Management Practice by Tim Stapleton.
590 ## - LOCAL NOTE (RLIN)
Local note KA
650 24 - SUBJECT ADDED ENTRY--TOPICAL TERM
Topical term or geographic name entry element EBOOK
651 #4 - SUBJECT ADDED ENTRY--GEOGRAPHIC NAME
Geographic name United Kingdom
Chronological subdivision
690 ## - LOCAL SUBJECT ADDED ENTRY--TOPICAL TERM (OCLC, RLIN)
Topical term or geographic name as entry element Block management
9 (RLIN) 6220
690 ## - LOCAL SUBJECT ADDED ENTRY--TOPICAL TERM (OCLC, RLIN)
Topical term or geographic name as entry element Property management
9 (RLIN) 6262
700 10 - ADDED ENTRY--PERSONAL NAME
Personal name Stapleton, Tim.
856 40 - ELECTRONIC LOCATION AND ACCESS
Uniform Resource Identifier <a href="https://www.vlebooks.com/">https://www.vlebooks.com/</a>
Public note View on VLEbooks. Logins for members only from [email protected]
942 ## - ADDED ENTRY ELEMENTS (KOHA)
Suppress in OPAC 0
Holdings
Withdrawn status Lost status Source of classification or shelving scheme Damaged status Not for loan Home library Current library Shelving location Date acquired Cost, normal purchase price Total Checkouts Full call number Barcode Date last seen Copy number Cost, replacement price Price effective from Koha item type
    Dewey Decimal Classification     London London Books 09/03/2006 39.00   333.333 BAN 30072784 06/08/2019 1 39.00 06/08/2019 Reference material
    Dewey Decimal Classification     Virtual Virtual Online 18/09/2014     ONLINE PUBLICATON 131605-3001 06/08/2019 1   06/08/2019 Book